[Event "Weekend"]
[Site "Monza ITA"]
[Date "2006.03.18"]
[Round "1"]
[White "Faccio, Fabio"]
[Black "Montagner, Enzo"]
[Result "1-0"]
[WhiteElo "1948"]
[BlackElo "1453"]
[PlyCount "75"]
[EventDate "2006.03.18"]

1.e4 c5 2.Nf3 Nc6 3.d4 cxd4 4.Nxd4 Nf6 5.Nc3 e5 6.Ndb5 a6 7.Nd6+ Bxd6 8.
Qxd6 Qe7 9.Qxe7+ Nxe7 10.Bg5 d6 11.O-O-O Kd7 12.Be2 h5 13.Rd2 Ng4 14.Rhd1 
f6 15.Rxd6+ Kc7 16.Be3 Nxe3 17.fxe3 b5 18.R1d2 Rb8 19.a3 Rb6 20.Rxb6 Kxb6 
21.Nd5+ Nxd5 22.exd5 e4 23.Rd4 f5 24.b4 g6 25.c4 bxc4 26.Bxc4 Bd7 27.Kb2 
a5 28.h4 axb4 29.axb4 Ra8 30.d6 Rd8 31.Kb3 Ra8 32.Bf7 Kc6 33.Bd5+ Kxd6 34.
Bxa8+ Kc7 35.Kc4 Be6+ 36.Kc5 Bf7 37.b5 Be8 38.b6+ 1-0

[Event "Weekend"]
[Site "Monza ITA"]
[Date "2006.03.18"]
[Round "1"]
[White "Fiorili, Roberto"]
[Black "Fantina, Carla"]
[Result "1/2-1/2"]
[WhiteElo "1971"]
[BlackElo "1503"]
[PlyCount "75"]
[EventDate "2006.03.18"]

1.d4 d6 2.c4 Nf6 3.Nc3 g6 4.e4 Bg7 5.Nge2 O-O 6.Ng3 c5 7.d5 Nbd7 8.Be2 a6 
9.Bg5 h6 10.Be3 Ne5 11.f3 Bd7 12.Qd2 Kh7 13.h4 b5 14.cxb5 axb5 15.h5 g5 
16.Nxb5 Qa5 17.Nc3 Rfb8 18.O-O Qb4 19.Rfb1 Qa5 20.Qc2 c4 21.f4 gxf4 22.
Bxf4 Qc5+ 23.Kh1 Kg8 24.Bxe5 dxe5 25.Rf1 Rc8 26.Nf5 Bxf5 27.Rxf5 e6 28.
dxe6 fxe6 29.Rff1 Qe3 30.Bf3 Qg5 31.Qe2 Bf8 32.Rad1 Bc5 33.g4 Be3 34.Rd6 
Rd8 35.Rfd1 Re8 36.Kg2 Rac8 37.Kh3 Nh7 38.Re1 1/2-1/2

[Event "Weekend"]
[Site "Monza ITA"]
[Date "2006.03.18"]
[Round "1"]
[White "Folcini, Gaddo"]
[Black "Pelizzola, Danilo"]
[Result "0-1"]
[WhiteElo "1511"]
[BlackElo "2015"]
[PlyCount "120"]
[EventDate "2006.03.18"]

1.d4 Nf6 2.e4 d6 3.Nc3 g6 4.Bg5 Nbd7 5.Bc4 Bg7 6.Qd2 h6 7.Bh4 c6 8.f4 b5 
9.e5 bxc4 10.exf6 Nxf6 11.Bxf6 Bxf6 12.Ne4 Bg7 13.Nf3 Rb8 14.O-O Rxb2 15.
Rae1 Bf5 16.Qc3 Rb6 17.Ng3 Qd7 18.Nxf5 Qxf5 19.Qxc4 O-O 20.Rxe7 Qxf4 21.c3
Bf6 22.Rxa7 Qe3+ 23.Kh1 d5 24.Qc5 Rfb8 25.Ra8 Rxa8 26.Qxb6 Qxc3 27.Qb7 Rf8
28.a4 Bxd4 29.Nxd4 Qd3 30.Rb1 Qxd4 31.Qxc6 Qe4 32.Qb7 Re8 33.h3 Qc2 34.a5 
Re2 35.Rf1 Rf2 36.Rxf2 Qxf2 37.Qxd5 h5 38.Qg5 h4 39.a6 Qf1+ 40.Kh2 Qxa6 
41.Qxh4 Qd6+ 42.Kh1 Qe5 43.Qg4 Kg7 44.g3 Kf6 45.Qh4+ Ke6 46.Qg4+ Kd6 47.
Qb4+ Kd5 48.Qd2+ Qd4 49.Qg5+ Kc4 50.Kh2 Kd3 51.h4 Qe4 52.Qf6 Qe2+ 53.Kh3 
Qe6+ 54.Qxe6 fxe6 55.g4 e5 56.h5 gxh5 57.gxh5 e4 58.h6 e3 59.Kg2 e2 60.Kf2
Kd2 0-1

[Event "Weekend"]
[Site "Monza ITA"]
[Date "2006.03.18"]
[Round "1"]
[White "Fornari, Sergio"]
[Black "Poletto, Daniele"]
[Result "0-1"]
[WhiteElo "1421"]
[BlackElo "1670"]
[PlyCount "74"]
[EventDate "2006.03.18"]

1.d4 Nf6 2.Nf3 g6 3.Nbd2 d5 4.e3 Bg7 5.b3 O-O 6.Bb2 Nbd7 7.c4 c5 8.Bd3 b6 
9.e4 dxe4 10.Nxe4 cxd4 11.Nxd4 Bb7 12.Qe2 Nxe4 13.Bxe4 Bxe4 14.Qxe4 Nc5 
15.Qe3 e5 16.Nc6 Qd3 17.Nb4 Qxe3+ 18.fxe3 a5 19.Nd5 Nd3+ 20.Ke2 Nxb2 21.e4
a4 22.Nxb6 Ra6 23.c5 Rd8 24.Nd5 f5 25.Rab1 a3 26.Ke3 Bh6+ 27.Kf3 Nd3 28.
Rhf1 Nxc5 29.Rbd1 fxe4+ 30.Ke2 Nd3 31.Nc3 Nf4+ 32.Kf2 Rxd1 33.Rxd1 e3+ 34.
Kf3 e2 35.Re1 Rd6 36.Nxe2 Nxe2 37.Kxe2 Rd2+ 0-1

[Event "Weekend"]
[Site "Monza ITA"]
[Date "2006.03.18"]
[Round "1"]
[White "Franzini, Stefano"]
[Black "Merlini, Luigi"]
[Result "1-0"]
[WhiteElo "1715"]
[BlackElo "1432"]
[PlyCount "63"]
[EventDate "2006.03.18"]

1.e4 e5 2.Nf3 Nc6 3.d4 exd4 4.Nxd4 Bc5 5.Be3 Bb6 6.Bc4 d6 7.O-O Nf6 8.Nxc6
bxc6 9.Bg5 O-O 10.Nc3 Be6 11.Bd3 h6 12.Bh4 a6 13.Kh1 g5 14.Bg3 Bd4 15.f4 
Bg4 16.Qe1 Nh5 17.h3 Bd7 18.e5 dxe5 19.fxe5 Qe7 20.Bh2 Rae8 21.Qe4 f5 22.
Qxd4 c5 23.Bc4+ Kh7 24.Qd3 Be6 25.Bxe6 Qxe6 26.Rad1 Re7 27.Qd5 Qb6 28.Qf3 
Qxb2 29.Nd5 Rd7 30.Nf6+ Nxf6 31.Qxf5+ Kg8 32.Qg6+ 1-0

[Event "Weekend"]
[Site "Monza ITA"]
[Date "2006.03.18"]
[Round "1"]
[White "Galli, Giuliano"]
[Black "Giancola, Andrea"]
[Result "0-1"]
[WhiteElo "1403"]
[BlackElo "1592"]
[PlyCount "98"]
[EventDate "2006.03.18"]

1.e4 d5 2.e5 d4 3.d3 c5 4.g3 Nc6 5.f4 f6 6.Bg2 Qc7 7.Bxc6+ Qxc6 8.Nf3 Bh3 
9.Kf2 O-O-O 10.Rg1 Nh6 11.Qe2 g6 12.Nbd2 Bg7 13.Ne4 Bg4 14.Kg2 Rhf8 15.h3 
Bxf3+ 16.Qxf3 fxe5 17.Kh2 exf4 18.g4 e5 19.b3 Nf7 20.Rf1 h6 21.Ba3 b6 22.
Rae1 Rfe8 23.Bc1 Re6 24.Bd2 Nd6 25.Nxd6+ Rexd6 26.Re4 Re8 27.a4 Rde6 28.
Ra1 R8e7 29.Rg1 a6 30.Ra1 Kd8 31.Rg1 Ke8 32.Be1 b5 33.axb5 axb5 34.g5 h5 
35.h4 c4 36.bxc4 bxc4 37.Bf2 Rc7 38.Rge1 Ke7 39.Bxd4 cxd3 40.Qxd3 Qxc2+ 
41.Qxc2 Rxc2+ 42.Kg1 Rc4 43.Bb2 Rxe4 44.Rxe4 Kd6 45.Ra4 Kd5 46.Kf2 Rb6 47.
Ra5+ Ke4 48.Ra4+ Kf5 49.Ra5 Rxb2+ 0-1

[Event "Weekend"]
[Site "Monza ITA"]
[Date "2006.03.18"]
[Round "1"]
[White "Kokosar, Oliviero"]
[Black "Casartelli, Fabio"]
[Result "0-1"]
[WhiteElo "1478"]
[BlackElo "1965"]
[PlyCount "92"]
[EventDate "2006.03.18"]

1.e4 c5 2.Nf3 d6 3.d4 cxd4 4.Nxd4 Nf6 5.Nc3 a6 6.Bd3 Nc6 7.Nb3 e6 8.Bg5 
Be7 9.f4 b5 10.a3 Bb7 11.Qd2 h6 12.Bxf6 Bxf6 13.O-O-O Rc8 14.Nxb5 axb5 15.
Bxb5 Ke7 16.Rhe1 Qc7 17.g3 Rhd8 18.Qf2 Na5 19.Nxa5 Qxa5 20.Bd3 Rb8 21.Qd2 
Qa7 22.h4 Bxe4 23.c3 Bf3 24.Be2 Bxc3 25.Qxc3 Rdc8 26.Bxf3 Rxc3+ 27.bxc3 
Qxa3+ 28.Kd2 Rb2+ 29.Kd3 Qa6+ 30.Kd4 Qb6+ 31.Ke4 f5+ 32.Kd3 Qf2 33.Bd5 
Qxg3+ 34.Re3 Qxf4 35.Rxe6+ Kd7 36.h5 Rh2 37.c4 Rh3+ 38.Kc2 Rxh5 39.Rde1 
Rh2+ 40.Kb1 Qd2 41.Re7+ Kd8 42.Re8+ Kc7 43.R1e7+ Kb6 44.Rb7+ Kc5 45.Rb5+ 
Kd4 46.Ra8 Rf2 0-1

[Event "Weekend"]
[Site "Monza ITA"]
[Date "2006.03.18"]
[Round "1"]
[White "Loda', Domenico"]
[Black "Lamera, Giuseppe"]
[Result "1-0"]
[WhiteElo "1667"]
[BlackElo "1419"]
[PlyCount "86"]
[EventDate "2006.03.18"]

1.e4 d6 2.d4 Nf6 3.Nc3 c6 4.f4 g5 5.Be2 Qa5 6.Bf3 Bg7 7.Ne2 Bg4 8.O-O Bxf3
9.Rxf3 Nbd7 10.a3 e5 11.Kh1 a6 12.h3 b5 13.b4 Qb6 14.Be3 d5 15.dxe5 Qc7 
16.exf6 Nxf6 17.e5 Ne4 18.Qd4 Nxc3 19.Nxc3 O-O 20.Qd3 Qd7 21.Bc5 Rfe8 22.
Ne2 f6 23.Bd4 fxe5 24.fxe5 Bxe5 25.Bxe5 Rxe5 26.Raf1 Rae8 27.Ng3 Qc7 28.c3
Qa7 29.Qd4 Qxd4 30.cxd4 Re3 31.Kh2 Rxf3 32.Rxf3 Kg7 33.Rc3 Re6 34.Nf1 Kf6 
35.Ne3 Kg6 36.g3 h5 37.h4 Kf6 38.g4 Ke7 39.Kg3 Kd6 40.gxh5 gxh4+ 41.Kf4 
Re4+ 42.Kg5 Kd7 43.Rd3 Ke6 1-0

[Event "Weekend"]
[Site "Monza ITA"]
[Date "2006.03.18"]
[Round "1"]
[White "Madaschi, Sergio"]
[Black "Bozzali, Ermanno"]
[Result "0-1"]
[WhiteElo "1523"]
[BlackElo "2105"]
[PlyCount "64"]
[EventDate "2006.03.18"]

1.d4 Nf6 2.c4 e6 3.Nf3 Bb4+ 4.Bd2 Qe7 5.Nc3 O-O 6.e3 d6 7.Bd3 e5 8.e4 exd4
9.Nxd4 Bxc3 10.Bxc3 Nxe4 11.Qe2 Re8 12.O-O Nxc3 13.Qxe7 Rxe7 14.bxc3 Nc6 
15.Rfe1 Be6 16.Nxc6 bxc6 17.Rab1 Ree8 18.Rb7 Rec8 19.Reb1 c5 20.a4 a5 21.
h3 g6 22.f3 f5 23.g4 Bd7 24.gxf5 gxf5 25.f4 Kf7 26.Kf2 Kf6 27.Bc2 Bc6 28.
R7b2 Rg8 29.Rg1 Rxg1 30.Kxg1 Rg8+ 31.Kf1 Rg2 32.h4 Be4 0-1

[Event "Weekend"]
[Site "Monza ITA"]
[Date "2006.03.18"]
[Round "1"]
[White "Serio, Danilo"]
[Black "Bencivenga, Antonio"]
[Result "1-0"]
[WhiteElo "1916"]
[BlackElo "1443"]
[PlyCount "93"]
[EventDate "2006.03.18"]

1.f4 d6 2.Nf3 Nf6 3.g3 g6 4.Bg2 Bg7 5.O-O O-O 6.d3 Nc6 7.e4 e5 8.c3 Bg4 9.
Qb3 Na5 10.Qa4 c5 11.fxe5 dxe5 12.Nxe5 b6 13.Bg5 Be6 14.Na3 h6 15.Be3 Ng4 
16.Nxg4 Bxg4 17.d4 Bd7 18.Qc2 Rc8 19.Qd2 Nc6 20.dxc5 bxc5 21.Bxc5 Re8 22.
Qf2 Be6 23.Bxa7 Nxa7 24.Qxa7 Rb8 25.Qf2 Qc7 26.Kh1 Qb7 27.b3 Bxc3 28.Rac1 
Bg7 29.Nc4 Bxc4 30.Rxc4 Re5 31.Rfc1 Kh7 32.Rc7 Qa6 33.Rxf7 Rg8 34.Qf4 Qd6 
35.Bf1 Qd4 36.Bg2 Qb2 37.Rcc7 Qb1+ 38.Bf1 Qxe4+ 39.Qxe4 Rxe4 40.Bc4 Re1+ 
41.Kg2 h5 42.Rfd7 Ree8 43.Bxg8+ Rxg8 44.Rxg7+ Rxg7 45.Rxg7+ Kxg7 46.a4 Kf7
47.a5 1-0

[Event "Weekend"]
[Site "Monza ITA"]
[Date "2006.03.19"]
[Round "2"]
[White "Acunzo, Domenico"]
[Black "Capata, Ion"]
[Result "0-1"]
[WhiteElo "1776"]
[BlackElo "2084"]
[PlyCount "86"]
[EventDate "2006.03.18"]

1.e4 e5 2.f4 d6 3.Nf3 exf4 4.Nc3 g5 5.d4 g4 6.Bxf4 gxf3 7.Qxf3 Qh4+ 8.g3 
Qg4 9.Qf2 c6 10.Be2 Qg6 11.O-O-O Bh6 12.Kb1 Bg4 13.Bxg4 Qxg4 14.Bxd6 Qg6 
15.e5 Ne7 16.Rhf1 Nd5 17.Rde1 Nxc3+ 18.bxc3 Nd7 19.Qe2 O-O-O 20.d5 cxd5 
21.Qb5 Bf8 22.Qxd5 Qe6 23.Qa5 Bxd6 24.exd6 Qxd6 25.Qxa7 f6 26.Re4 Qa6 27.
Qf2 Rhe8 28.Rfe1 Rxe4 29.Rxe4 Qb6+ 30.Qxb6 Nxb6 31.Re6 Na4 32.Kc1 Nxc3 33.
Kb2 Nd5 34.c4 Nc7 35.Rxf6 Rd2+ 36.Kc3 Rxh2 37.a4 Rh3 38.Rf8+ Kd7 39.Rg8 
Kc6 40.a5 Na6 41.Rg5 Rh1 42.Kb2 Nc5 43.Rg7 Nd3+ 0-1

[Event "Weekend"]
[Site "Monza ITA"]
[Date "2006.03.19"]
[Round "2"]
[White "Bencivenga, Antonio"]
[Black "Fiorili, Roberto"]
[Result "0-1"]
[WhiteElo "1443"]
[BlackElo "1971"]
[PlyCount "50"]
[EventDate "2006.03.18"]

1.d4 f5 2.Nf3 Nf6 3.g3 g6 4.Bg2 Bg7 5.O-O O-O 6.Bf4 d6 7.Qd2 Re8 8.Nc3 
Nbd7 9.Ng5 e5 10.Be3 e4 11.d5 Ne5 12.f3 exf3 13.exf3 Nc4 14.Qc1 Nxe3 15.
Ne6 Bxe6 16.Re1 Nexd5 17.f4 Nxc3 18.Rxe6 Rxe6 19.bxc3 Ne4 20.Rb1 Bxc3 21.
Kh1 Nf2+ 22.Kg1 Re1+ 23.Qxe1 Bxe1 24.Rxe1 Ne4 25.g4 Qh4 0-1

[Event "Weekend"]
[Site "Monza ITA"]
[Date "2006.03.19"]
[Round "2"]
[White "Bertrecchi, Corrado"]
[Black "Marrone, Vincenzo"]
[Result "0-1"]
[WhiteElo "1395"]
[BlackElo "1865"]
[PlyCount "48"]
[EventDate "2006.03.18"]

1.d4 d5 2.h3 Nf6 3.Nf3 c6 4.c3 Bf5 5.Nbd2 h6 6.e3 Nbd7 7.Nb3 e6 8.Bd3 Bd6 
9.Bxf5 exf5 10.Qd3 Ne4 11.Nbd2 Qe7 12.O-O g5 13.Nh2 O-O-O 14.Nxe4 fxe4 15.
Qe2 f5 16.g4 f4 17.f3 h5 18.Rf2 hxg4 19.hxg4 Rh3 20.Nf1 Rdh8 21.Nh2 exf3 
22.Nxf3 Rh1+ 23.Kg2 Qh7 24.Nxg5 Qh2+ 0-1

[Event "Weekend"]
[Site "Monza ITA"]
[Date "2006.03.19"]
[Round "2"]
[White "Bozzali, Ermanno"]
[Black "Manca, Renato"]
[Result "1-0"]
[WhiteElo "2105"]
[BlackElo "1772"]
[PlyCount "111"]
[EventDate "2006.03.18"]

1.e4 c5 2.Nf3 d6 3.d4 cxd4 4.Nxd4 Nf6 5.Nc3 a6 6.Be3 Nc6 7.f3 e5 8.Nxc6 
bxc6 9.Bc4 Be7 10.Qd3 Nh5 11.O-O O-O 12.Rad1 Kh8 13.Na4 Bg5 14.Bb6 Qf6 15.
Qxd6 Be6 16.Bb3 Bf4 17.Bf2 Qg5 18.Bxe6 fxe6 19.Qxe6 Bxh2+ 20.Kxh2 Nf4 21.
Qg4 Qh6+ 22.Qh4 Rf6 23.Nc3 Nh5 24.Rd7 g5 25.Qh3 Raf8 26.Bc5 Rg8 27.g4 Nf4 
28.Qxh6 Rxh6+ 29.Kg3 Rh3+ 30.Kf2 Rh2+ 31.Ke3 Rxc2 32.Rh1 h5 33.Bd6 Re8 34.
gxh5 Rxb2 35.Rc1 c5 36.Re7 Rxe7 37.Bxe7 c4 38.Bf6+ Kh7 39.Bxe5 Nd3 40.Rg1 
Nxe5 41.Rxg5 Nf7 42.Rc5 Rh2 43.Kf4 Rh3 44.Nd5 Kg7 45.Ne3 Kh6 46.Ng4+ Kg7 
47.Ne3 Kh6 48.Ng4+ Kg7 49.h6+ Kh7 50.Rxc4 Rh4 51.Rc6 a5 52.e5 a4 53.e6 
Nxh6 54.e7 Nxg4 55.fxg4 Rh1 56.e8=Q 1-0

[Event "Weekend"]
[Site "Monza ITA"]
[Date "2006.03.19"]
[Round "2"]
[White "Cardani, Roberto"]
[Black "Lapiccirella, Mattia"]
[Result "1/2-1/2"]
[WhiteElo "1854"]
[BlackElo "2243"]
[PlyCount "50"]
[EventDate "2006.03.18"]

1.e4 c5 2.Nf3 Nc6 3.d4 cxd4 4.Nxd4 Nf6 5.Nc3 d6 6.Bg5 e6 7.Qd2 a6 8.O-O-O 
Nxd4 9.Qxd4 Be7 10.f4 b5 11.Bxf6 gxf6 12.e5 d5 13.Kb1 Bb7 14.f5 fxe5 15.
Qxe5 Bf6 16.Qg3 Qe7 17.fxe6 fxe6 18.Be2 h5 19.a4 h4 20.Qg6+ Qf7 21.Qxf7+ 
Kxf7 22.axb5 Bxc3 23.bxc3 axb5 24.Rhf1+ Ke7 25.Bxb5 Ba6 1/2-1/2

[Event "Weekend"]
[Site "Monza ITA"]
[Date "2006.03.19"]
[Round "2"]
[White "Casartelli, Fabio"]
[Black "Loda', Domenico"]
[Result "1-0"]
[WhiteElo "1965"]
[BlackElo "1667"]
[PlyCount "67"]
[EventDate "2006.03.18"]

1.d4 Nf6 2.Nf3 d6 3.Bf4 c6 4.Nbd2 g6 5.e4 Nh5 6.Be3 Bg7 7.Be2 e5 8.O-O f5 
9.Bg5 Nf6 10.dxe5 dxe5 11.Nxe5 Qd4 12.Nef3 Qxb2 13.Nc4 Qb4 14.Rb1 Qe7 15.
e5 O-O 16.Bxf6 Bxf6 17.exf6 Qxf6 18.Nce5 b6 19.Bc4+ Kg7 20.Qd2 Re8 21.Rfe1
Be6 22.Bxe6 Rxe6 23.Rbd1 Na6 24.Nd7 Rxe1+ 25.Rxe1 Qf7 26.Qc3+ Kh6 27.Qe3+ 
f4 28.Qe7 Qxe7 29.Rxe7 Nb4 30.Nf6 Rh8 31.h4 g5 32.Nxg5 Nd5 33.Nxd5 cxd5 
34.Nf7+ 1-0

[Event "Weekend"]
[Site "Monza ITA"]
[Date "2006.03.19"]
[Round "2"]
[White "Fantina, Carla"]
[Black "Santelli, Francesco"]
[Result "1/2-1/2"]
[WhiteElo "1503"]
[BlackElo "1810"]
[PlyCount "105"]
[EventDate "2006.03.18"]

1.c4 Nf6 2.Nc3 g6 3.g3 Bg7 4.Bg2 d6 5.Nf3 O-O 6.O-O c6 7.d4 d5 8.cxd5 cxd5
9.Bf4 a6 10.h3 e6 11.Qc1 Bd7 12.Bh6 Nc6 13.Bxg7 Kxg7 14.Qd2 b5 15.Ne5 Rc8 
16.e4 b4 17.Nxc6 Bxc6 18.e5 bxc3 19.exf6+ Qxf6 20.bxc3 Bb5 21.Rfe1 Rc6 22.
Re3 Rfc8 23.Rf3 Qe7 24.h4 h5 25.Rc1 Bc4 26.a4 Rb6 27.Bf1 Bxf1 28.Rxf1 Rcb8
29.Rc1 Rb2 30.Rc2 R2b3 31.Qf4 R8b7 32.Re2 Ra3 33.Qe5+ Kg8 34.Rfe3 Ra1+ 35.
Kg2 Rxa4 36.Qxd5 exd5 37.Rxe7 Rxe7 38.Rxe7 Kf8 39.Ra7 Ra3 40.Kf1 Ra2 41.
Rd7 Ra3 42.Rxd5 Rxc3 43.Ra5 Rc6 44.Ke2 Ke7 45.Ke3 Kd7 46.Kd3 Kc7 47.d5 Rd6
48.Kd4 f6 49.Kc5 Rb6 50.Ra2 Rb5+ 51.Kc4 Kb6 52.Rd2 Kc7 53.Ra2 1/2-1/2

[Event "Weekend"]
[Site "Monza ITA"]
[Date "2006.03.19"]
[Round "2"]
[White "Giancola, Andrea"]
[Black "Serio, Danilo"]
[Result "0-1"]
[WhiteElo "1592"]
[BlackElo "1916"]
[PlyCount "38"]
[EventDate "2006.03.18"]

1.e4 d5 2.exd5 Nf6 3.d4 Bg4 4.Be2 Bxe2 5.Nxe2 Qxd5 6.O-O Nc6 7.b3 e6 8.c4 
Qh5 9.Ng3 Qh4 10.d5 O-O-O 11.Nc3 Bc5 12.Qf3 Ng4 13.h3 Nce5 14.Qf4 g5 15.
Nf5 exf5 16.Qxf5+ Kb8 17.Bxg5 Qh5 18.hxg4 Nxg4 19.Qf4 Bd6 0-1

[Event "Weekend"]
[Site "Monza ITA"]
[Date "2006.03.19"]
[Round "2"]
[White "Lamera, Giuseppe"]
[Black "Cazzaniga, Andrea"]
[Result "1-0"]
[WhiteElo "1419"]
[BlackElo "1452"]
[PlyCount "71"]
[EventDate "2006.03.18"]

1.e4 Nf6 2.Nc3 d5 3.d3 dxe4 4.Bf4 Nd5 5.Nxd5 Qxd5 6.Bxc7 Qd4 7.dxe4 Qxe4+ 
8.Ne2 Nc6 9.Qd2 e5 10.O-O-O Bf5 11.Ng3 Qxc2+ 12.Qxc2 Bxc2 13.Kxc2 Nd4+ 14.
Kb1 f6 15.Ne4 a5 16.f4 Kd7 17.Bb6 Bd6 18.Nxd6 Kxd6 19.fxe5+ fxe5 20.Bxd4 
exd4 21.Rxd4+ Ke5 22.Rd7 Rhe8 23.Bc4 Kf6 24.Rxb7 a4 25.Bd5 Rad8 26.Bc6 Re6
27.Bxa4 Re2 28.Rd7 Rb8 29.Rf1+ Kg6 30.Bc2+ Kh6 31.Rg1 Rc8 32.Bb3 Rf8 33.
Rf7 Rd8 34.Rc7 Rdd2 35.Rc2 Rxg2 36.Rxg2 1-0

[Event "Weekend"]
[Site "Monza ITA"]
[Date "2006.03.19"]
[Round "2"]
[White "Merlini, Luigi"]
[Black "Kokosar, Oliviero"]
[Result "1/2-1/2"]
[WhiteElo "1432"]
[BlackElo "1478"]
[PlyCount "105"]
[EventDate "2006.03.18"]

1.e4 e5 2.Nf3 Nf6 3.d3 Nc6 4.Be2 h6 5.O-O Bc5 6.Nc3 d5 7.exd5 Nxd5 8.Na4 
Bd6 9.Bd2 b5 10.Nc3 Nxc3 11.Bxc3 b4 12.Be1 O-O 13.Nd2 Nd4 14.Nc4 a5 15.
Nxd6 Qxd6 16.Rc1 Bb7 17.c3 bxc3 18.Bxc3 Rfe8 19.Bxd4 exd4 20.f4 Re7 21.Bf3
Rb8 22.f5 Ba6 23.Qd2 Qb6 24.b3 Rbe8 25.Be4 Rxe4 26.dxe4 Bxf1 27.Rxf1 Rxe4 
28.f6 Rg4 29.h3 Rg6 30.fxg7 Kxg7 31.Kh1 c5 32.Qf4 Qe6 33.Qc7 Qd5 34.Rf2 d3
35.Qxa5 Re6 36.Qc3+ Kg8 37.Qd2 Qd4 38.Rf3 Rd6 39.Rg3+ Kh8 40.Kh2 Qe5 41.h4
Rd4 42.Kh3 Qe6+ 43.Kh2 Rxh4+ 44.Kg1 Rd4 45.Rxd3 Rxd3 46.Qxd3 f5 47.Kf2 h5 
48.Kf3 Qe5 49.g3 Kg7 50.a4 Qb8 51.Qc4 Qb7+ 52.Ke3 Qe7+ 53.Kf3 1/2-1/2

[Event "Weekend"]
[Site "Monza ITA"]
[Date "2006.03.19"]
[Round "2"]
[White "Montagner, Enzo"]
[Black "Galli, Giuliano"]
[Result "1-0"]
[WhiteElo "1453"]
[BlackElo "1403"]
[PlyCount "89"]
[EventDate "2006.03.18"]

1.d4 d5 2.c4 Bf5 3.Nc3 e6 4.cxd5 exd5 5.e3 c6 6.Nge2 Nf6 7.Ng3 Bg6 8.Bd3 
Bxd3 9.Qxd3 g6 10.O-O Bg7 11.b4 O-O 12.f4 Re8 13.h3 Nbd7 14.f5 Qc7 15.Rf3 
Rad8 16.fxg6 fxg6 17.e4 dxe4 18.Ncxe4 Rf8 19.Bf4 Qc8 20.Nd6 Qa8 21.Bg5 b5 
22.Qb3+ Nd5 23.Rd1 Rxf3 24.Qxf3 N7f6 25.Nde4 Rf8 26.Nxf6+ Bxf6 27.Bxf6 
Rxf6 28.Qb3 Qf8 29.a3 Qe7 30.Nf1 Kg7 31.Qg3 Re6 32.Qf2 Re2 33.Qf3 Re6 34.
Qg3 Ne3 35.Rc1 Nxf1 36.Rxf1 Re2 37.Rc1 Re3 38.Qf2 Rxa3 39.Rxc6 Kh6 40.Qf4+
Kh5 41.Kh2 Ra2 42.Rc5+ g5 43.Qg4+ Kh6 44.Rc6+ Kg7 45.Qg3 1-0

[Event "Weekend"]
[Site "Monza ITA"]
[Date "2006.03.19"]
[Round "2"]
[White "Pelizzola, Danilo"]
[Black "Franzini, Stefano"]
[Result "1-0"]
[WhiteElo "2015"]
[BlackElo "1715"]
[PlyCount "90"]
[EventDate "2006.03.18"]

1.e4 c5 2.Nf3 Nc6 3.d4 cxd4 4.Nxd4 e5 5.Nb5 d6 6.N1c3 a6 7.Na3 Nf6 8.Bg5 
Be6 9.Nc4 b5 10.Ne3 Be7 11.Bxf6 Bxf6 12.Ncd5 Bg5 13.Be2 Bxe3 14.Nxe3 O-O 
15.O-O Nd4 16.c3 Nxe2+ 17.Qxe2 f5 18.exf5 Bxf5 19.Nxf5 Rxf5 20.a4 Rb8 21.
axb5 axb5 22.Qe4 Rf6 23.Ra7 Qb6 24.Qd5+ Kh8 25.Ra8 Rff8 26.Rxb8 Qxb8 27.g3
h6 28.Rd1 Rf6 29.Ra1 Qb6 30.Ra8+ Kh7 31.Qe4+ g6 32.Qe3 Qxe3 33.fxe3 Rf3 
34.Rb8 Rxe3 35.Rb7+ Kg8 36.Rxb5 Kf7 37.Kf2 Rd3 38.Ke2 e4 39.Rb4 d5 40.Rb6 
Rf3 41.Rd6 Rd3 42.Rb6 Rf3 43.Rc6 Rf6 44.Rxf6+ Kxf6 45.Ke3 Ke6 1-0

[Event "Weekend"]
[Site "Monza ITA"]
[Date "2006.03.19"]
[Round "2"]
[White "Poletto, Daniele"]
[Black "Faccio, Fabio"]
[Result "1-0"]
[WhiteElo "1670"]
[BlackElo "1948"]
[PlyCount "93"]
[EventDate "2006.03.18"]

1.c4 c5 2.Nc3 Nc6 3.g3 g6 4.Bg2 Bg7 5.e4 e6 6.Nge2 Nge7 7.O-O O-O 8.d3 d6 
9.Rb1 a6 10.a3 Rb8 11.b4 cxb4 12.axb4 b5 13.cxb5 axb5 14.d4 Qc7 15.Be3 f5 
16.f3 Bd7 17.Qd2 d5 18.e5 Qb6 19.Qb2 Nxe5 20.Qc1 Nc4 21.Kh1 Nc6 22.Rd1 Ra8
23.Bh6 Ra3 24.Bxg7 Kxg7 25.Bf1 Rfa8 26.f4 Nd8 27.Ng1 Nf7 28.Nf3 Nfd6 29.
Bxc4 bxc4 30.Ne5 Bb5 31.g4 Ne4 32.Nxe4 fxe4 33.f5 exf5 34.gxf5 Qf6 35.fxg6
hxg6 36.Rf1 Qh4 37.Rf7+ Kg8 38.Qf1 Rh3 39.Rg7+ Kh8 40.Nxg6+ Kxg7 41.Nxh4 
Rxh4 42.Qf2 Rh6 43.Rf1 c3 44.Qf7+ Kh8 45.Rg1 Rxh2+ 46.Kxh2 Ra2+ 47.Kh1 1-0

[Event "Weekend"]
[Site "Monza ITA"]
[Date "2006.03.19"]
[Round "2"]
[White "Tomasetto, Mauro"]
[Black "Fornari, Sergio"]
[Result "1-0"]
[WhiteElo "1512"]
[BlackElo "1421"]
[PlyCount "111"]
[EventDate "2006.03.18"]

1.e4 c6 2.d4 d5 3.Nc3 e6 4.Nf3 Bd6 5.exd5 exd5 6.Be2 Nf6 7.Bg5 Nbd7 8.O-O 
O-O 9.Re1 b5 10.Bd3 h6 11.Bh4 a5 12.Ne2 Ba6 13.c3 Qc7 14.Ng3 Bxg3 15.Bxg3 
Qa7 16.Qd2 b4 17.Bc2 c5 18.Re7 Rfe8 19.Rae1 Ne4 20.Bxe4 Rxe7 21.Bh7+ Kf8 
22.Bd6 Re8 23.Qf4 Nf6 24.Rxe7 Rxe7 25.Bxc5 Qd7 26.Bf5 Qe8 27.Qd6 Bb5 28.
Qe5 Bd7 29.Bxd7 Nxd7 30.Bxe7+ Qxe7 31.Qxd5 bxc3 32.bxc3 a4 33.Qa8+ Qe8 34.
Qxa4 Qe4 35.h3 Qb1+ 36.Kh2 Qb8+ 37.g3 Nf6 38.Qb4+ Qxb4 39.cxb4 Ne4 40.Kg2 
Nc3 41.Ne5 Ke7 42.Kf3 f6 43.Nc4 Ke6 44.g4 g5 45.a3 Nb5 46.Ke4 Nc3+ 47.Kd3 
Na4 48.Na5 Kd5 49.b5 Nb2+ 50.Kc2 Na4 51.Kb3 Nb6 52.Nc6 Nd7 53.a4 Kd6 54.a5
Kc7 55.Kb4 Kb7 56.Kc4 1-0

[Event "Weekend"]
[Site "Monza ITA"]
[Date "2006.03.19"]
[Round "3"]
[White "Bertrecchi, Corrado"]
[Black "Lamera, Giuseppe"]
[Result "1-0"]
[WhiteElo "1395"]
[BlackElo "1419"]
[PlyCount "83"]
[EventDate "2006.03.18"]

1.d4 c6 2.e4 d6 3.Bf4 Nf6 4.Nd2 Qa5 5.c3 Nbd7 6.Ngf3 e5 7.Nc4 Qc7 8.dxe5 
Nxe4 9.exd6 Qd8 10.Qe2 Nf6 11.Nfd2 Bf5 12.f3 Qd7 13.Nxe4 Nxe4 14.g4 Bg6 
15.fxe4 O-O-O 16.O-O-O Re8 17.Bg2 f6 18.Qf2 Kb8 19.Qe2 h5 20.Bf3 hxg4 21.
Bxg4 f5 22.Ne5 Rxe5 23.Bxe5 fxg4 24.Bg3 Bf7 25.b4 Bxa2 26.Qxa2 g6 27.Rhf1 
Bg7 28.Kc2 Ka8 29.Rf7 Qe8 30.Rxg7 Qxe4+ 31.Kc1 Qe3+ 32.Rd2 Qxc3+ 33.Rc2 
Qxg7 34.Be1 Qh6+ 35.Kb1 Qf4 36.Bf2 a6 37.Bc5 Qe4 38.Qb2 Rxh2 39.d7 Rh1+ 
40.Ka2 Qd5+ 41.Qb3 Qxd7 42.Qg8+ 1-0

[Event "Weekend"]
[Site "Monza ITA"]
[Date "2006.03.19"]
[Round "3"]
[White "Capata, Ion"]
[Black "Arboscelli, Gregorio"]
[Result "1-0"]
[WhiteElo "2084"]
[BlackElo "1894"]
[PlyCount "110"]
[EventDate "2006.03.18"]

1.e4 c6 2.d4 d5 3.exd5 cxd5 4.Bd3 Nc6 5.c3 Nf6 6.h3 e5 7.dxe5 Nxe5 8.Qe2 
Qe7 9.Bb5+ Bd7 10.Bxd7+ Nfxd7 11.Be3 Nc4 12.Nd2 Nxe3 13.Qxe3 Qxe3+ 14.fxe3
Bc5 15.Kf2 O-O-O 16.Ngf3 Rhe8 17.Nd4 Ne5 18.b4 Nd3+ 19.Kf3 Bb6 20.N2b3 
Ne5+ 21.Kf2 Nc4 22.Rac1 Re4 23.Rcd1 Rde8 24.Rhe1 Nb2 25.Rd2 Nc4 26.Rde2 g6
27.Nd2 R4e7 28.Nxc4 dxc4 29.a4 a6 30.a5 Ba7 31.Rb2 Re5 32.b5 Bxd4 33.cxd4 
Rf5+ 34.Kg1 Rxb5 35.Ra2 f5 36.Kf2 Kd7 37.Ra4 Rc8 38.Rc1 c3 39.Rc2 Rb2 40.
Rxb2 cxb2 41.Rb4 Rc2+ 42.Kf3 Kc6 43.Rb6+ Kc7 44.g4 Rh2 45.gxf5 gxf5 46.Kf4
Rf2+ 47.Ke5 Rf3 48.h4 Rxe3+ 49.Kxf5 Rd3 50.Ke5 Ra3 51.Rxb2 Rxa5+ 52.d5 Rb5
53.Rg2 a5 54.Rg7+ Kd8 55.Kd6 Ke8 1-0

[Event "Weekend"]
[Site "Monza ITA"]
[Date "2006.03.19"]
[Round "3"]
[White "Faccio, Fabio"]
[Black "Tomasetto, Mauro"]
[Result "0-1"]
[WhiteElo "1948"]
[BlackElo "1512"]
[PlyCount "74"]
[EventDate "2006.03.18"]

1.e4 e6 2.d4 d5 3.Nd2 Be7 4.e5 c5 5.c3 Nc6 6.Qg4 g6 7.Ndf3 Bd7 8.Bd3 Qb6 
9.Ne2 O-O-O 10.Ng5 f5 11.Qf4 Rf8 12.Nf3 h6 13.h4 h5 14.Qg3 Nh6 15.Bxh6 
Rxh6 16.b3 cxd4 17.Qf4 Rhh8 18.Nexd4 Nxd4 19.Nxd4 Bc5 20.O-O Bxd4 21.cxd4 
Bb5 22.Rfc1+ Kd7 23.Bxb5+ Qxb5 24.Rc5 Qe2 25.Rac1 Rc8 26.Qg5 Rxc5 27.Rxc5 
Qd1+ 28.Kh2 Qxd4 29.Qf6 Qxc5 30.Qxh8 d4 31.Qg7+ Kc6 32.Qh8 Kd5 33.f3 Qe7 
34.Qf6 Qxf6 35.exf6 Kd6 36.Kg3 e5 37.f4 e4 0-1

[Event "Weekend"]
[Site "Monza ITA"]
[Date "2006.03.19"]
[Round "3"]
[White "Fiorili, Roberto"]
[Black "Cardani, Roberto"]
[Result "1-0"]
[WhiteElo "1971"]
[BlackElo "1854"]
[PlyCount "73"]
[EventDate "2006.03.18"]

1.d4 Nf6 2.Nf3 g6 3.Bf4 Bg7 4.h3 O-O 5.e3 d6 6.Bd3 Nbd7 7.Qe2 c5 8.c3 Qe8 
9.e4 e5 10.dxe5 dxe5 11.Be3 a6 12.a4 b6 13.O-O Bb7 14.Bg5 h6 15.Bh4 Nh5 
16.Nfd2 Nf4 17.Qe3 Nxd3 18.Qxd3 f5 19.exf5 gxf5 20.f3 Kh8 21.Na3 Bf6 22.
Bxf6+ Rxf6 23.Nac4 Qe7 24.Rfe1 Rg8 25.Kh1 Qg7 26.Rg1 Rg6 27.Qe2 e4 28.fxe4
fxe4 29.Ne3 Nf6 30.Raf1 Qd7 31.Ndc4 Qe6 32.Qf2 Nh5 33.g4 Rf6 34.Qh2 Rf3 
35.Qe5+ Qxe5 36.Nxe5 Rxh3+ 37.Kg2 1-0

[Event "Weekend"]
[Site "Monza ITA"]
[Date "2006.03.19"]
[Round "3"]
[White "Folcini, Gaddo"]
[Black "Bettini, Massimo"]
[Result "1-0"]
[WhiteElo "1511"]
[BlackElo "1916"]
[PlyCount "59"]
[EventDate "2006.03.18"]

1.d4 Nf6 2.e4 Nxe4 3.Nf3 d5 4.Ne5 e6 5.Nd2 Qh4 6.g3 Qd8 7.Ndf3 Bd6 8.Be2 
Nd7 9.Nxd7 Bxd7 10.Ne5 Qf6 11.Bf4 O-O-O 12.Ng4 Qe7 13.Bxd6 Qxd6 14.Ne5 
Rdf8 15.O-O f6 16.Nxd7 Qxd7 17.a4 g5 18.c4 dxc4 19.Qc2 Nd6 20.Rfc1 h5 21.
b3 cxb3 22.Qxb3 h4 23.g4 f5 24.Rc2 Ne4 25.Rb1 c6 26.Ba6 Rf7 27.Bxb7+ Qxb7 
28.Qxe6+ Qd7 29.Rxc6+ Kd8 30.Rb8+ 1-0